Statistics for MLB Teams by Clue

Click here to take the quiz!

General Stats

  • This quiz has been taken 22 times
    (7 since last reset)
  • The average score is 18 of 30

Answer Stats

ClueTeam% Correct
Baby bearsChicago Cubs
100%
FenwayBoston Red Sox
100%
Nickname for AmericansNew York Yankees
80%
AvoidersLos Angeles Dodgers
80%
ElephantsOakland Athletics
80%
Bird mistaken for a robinBaltimore Orioles
80%
Makes beerMilwaukee Brewers
80%
FishMiami Marlins
60%
SnakesArizona Diamondbacks
60%
PriestsSan Diego Padres
60%
BuccaneersPittsburgh Pirates
60%
SailorsSeattle Mariners
60%
People who patrol in a forestTexas Rangers
60%
Identical peopleMinnesota Twins
60%
ColorCincinnati Reds
60%
BengalDetroit Tigers
60%
ComiskeyChicago White Sox
60%
Messengers from GodLos Angeles Angels
60%
Huge peopleSan Francisco Giants
60%
Native AmericansCleveland Indians
60%
SpaceHouston Astros
60%
Found in CanadaToronto Blue Jays
60%
Fearless peopleAtlanta Braves
60%
MetropolisNew York Mets
60%
Relating to a countryWashington Nationals
40%
KingsKansas City Royals
40%
It stingsTampa Bay Rays
40%
Mountain RangeColorado Rockies
40%
Dr. PhilPhiladelphia Phillies
20%
People in ChristianitySt. Louis Cardinals
20%

Score Distribution

Percentile by Number Answered

Percent of People with Each Score

Your Score History

You have not taken this quiz since the last reset